Score 0/111 Timer 12:00
0 Plays Today
First Letter (# of letters) Word % Correct
W (4)Wind
86.3%
H (9)Hurricane
85.8%
T (7)Tornado
84.4%
S (4)Snow
82.6%
W (7)Warning
81%
F (5)Flood
80.6%
R (4)Rain
79.6%
S (5)Storm
79%
W (5)Watch
76.1%
A (8)Advisory
76%
E (10)Earthquake
73.4%
B (8)Blizzard
72.5%
F (3)For
70.1%
F (5)Flash
68.4%
F (8)Freezing
67.5%
W (7)Weather
67.5%
I (3)Ice
67.1%
H (4)Heat
66.3%
S (9)Statement
65.3%
A (7)Ashfall
63.9%
H (4)High
63.3%
B (7)Blowing
63.3%
D (4)Dust
63.1%
F (5)Force
61.1%
C (4)Cold
61%
F (4)Fire
60.6%
C (7)Coastal
60.4%
B (5)Brisk
60%
L (3)Low
57.9%
A (3)Air
56.8%
W (5)Water
56.7%
A (3)And
56.4%
L (4)Lake
56.2%
I (2)In
55.4%
T (12)Thunderstorm
55.2%
E (7)Extreme
55%
E (6)Effect
54.1%
First Letter (# of letters) Word % Correct
D (7)Drizzle
53.5%
S (6)Severe
53.4%
M (6)Marine
53.3%
T (7)Tsunami
53%
S (4)Surf
52.5%
W (5)Winds
50.9%
F (3)Fog
50.8%
S (7)Shelter
49%
A (5)Alert
48.9%
9 (3)911
48.3%
P (5)Place
46.8%
V (7)Volcano
45.6%
D (5)Dense
44.8%
Q (7)Quality
44.4%
S (10)Stagnation
43%
G (4)Gale
42.9%
S (7)Special
41.1%
F (6)Freeze
40%
S (5)Smoke
39.9%
O (6)Outage
39.4%
T (9)Telephone
38.8%
A (9)Avalanche
37.2%
T (8)Tropical
36.2%
E (9)Emergency
33.6%
W (6)Winter
32.9%
H (4)Hard
32.4%
H (5)Heavy
32.2%
A (9)Abduction
30.8%
C (5)Child
30.7%
F (5)Frost
30.7%
H (6)Hazard
30.7%
T (7)Typhoon
30.2%
R (3)Red
29.6%
P (5)Power
28.1%
N (7)Nuclear
27.8%
D (6)Danger
27.7%
F (4)Flag
27.6%
First Letter (# of letters) Word % Correct
B (3)Bar
26.6%
P (5)Plant
26.5%
S (5)Spray
26.3%
S (6)Stream
25.8%
S (5)Small
25.7%
R (12)Radiological
25.7%
C (5)Chill
25.5%
R (5)Rough
25.3%
R (3)Rip
25.3%
C (5)Craft
25.2%
S (5)Surge
24.8%
C (7)Current
24.7%
D (10)Depression
22.8%
H (9)Hazardous
21.8%
U (5)Urban
21.8%
S (6)Squall
21.5%
F (8)Forecast
20.2%
E (10)Evacuation
19.4%
B (5)Beach
19.3%
A (4)Area
19%
I (9)Immediate
18.7%
L (5)Local
18%
M (9)Materials
17.9%
A (6)Arroyo
17.9%
T (4)Term
17.6%
H (7)Hazards
15.8%
S (4)Seas
13.7%
E (9)Excessive
12.5%
L (3)Law
12.4%
E (11)Enforcement
12%
O (7)Outlook
11.6%
H (10)Hydrologic
11.2%
T (4)Test
11.1%
C (5)Civil
10.5%
A (14)Administrative
10%
M (7)Message
10%
L (9)Lakeshore
9.2%

From the Vault

Religious Teddy Bears

by PrincessMartell

We can't bear any more teddy bear quizzes.
Remove Ads.
Support Sporcle.
Get the best of Sporcle when you Go Orange. This ad-free experience offers more features, more stats, and more fun while also helping to support Sporcle. Thank you for becoming a member.

Show Comments

Extras

Top Quizzes Today


Score Distribution

Your Account Isn't Verified!

In order to create a playlist on Sporcle, you need to verify the email address you used during registration. Go to your Sporcle Settings to finish the process.

Report this User

Report this user for behavior that violates our Community Guidelines.

Details: